| 000 | 01254naa a22003377a 4500 | ||
|---|---|---|---|
| 001 | BR9507076 | ||
| 003 | BR-BrBNA | ||
| 005 | 20240918181411.0 | ||
| 007 | ta | ||
| 008 | 230509b bl.||||| |||| 00| 0 por d | ||
| 040 |
_aBR-BrBNA _bpor _cBiblioteca Nacional de Agricultura |
||
| 041 | _a(Pt) | ||
| 072 |
_aF06; F04 _b1720 _b4620 |
||
| 090 | _aF06 BR9507076 | ||
| 100 | 1 | _aGalbiatti, J.A. | |
| 100 | 1 | _aCastellane, P.D. | |
| 100 | 1 | _aTurato Filho, J.C. | |
| 100 | 1 | _aGarcia, A. | |
| 111 | 1 |
_a9. Congresso Nacional de Irrigacao e Drenagem _cNatal, RN (Brazil) _d25-26 Nov 1991 |
|
| 245 | 1 | _aInfluencia da irrigacao e da adubacao com efluente de biodigestor sobre a cultura do alho | |
| 260 | 3 |
_aFortaleza, CE (Brasil): _c1992. |
|
| 500 | _a9. Congresso Nacional de Irrigacao e Drenagem. Anais. Tema 1: aspectos legais Fortaleza, CE (Brasil): 1992. v. 1(3)p. 1541-1556 (BR9507076-AM)F06 | ||
| 650 | _aAlho | ||
| 650 | _aIrrigacao | ||
| 650 | _aAdubacao | ||
| 650 | _aBiodigestor | ||
| 650 | _aResiduo Organico | ||
| 773 | 0 |
_t9. Congresso Nacional de Irrigacao e Drenagem. Anais. Tema 1: aspectos legais _wF06 BR9507076 _gFortaleza, CE (Brasil), 1992. v. 1(3)p. 1541-1556 |
|
| 909 |
_a202404 _bLucia _c55 _dLucia Elande |
||
| 942 |
_cAM _2AGRIS |
||
| 999 |
_c325103 _d325103 |
||